000 01122nam a22002777a 4500
005 20240530110435.0
008 150407s2009 ua a g b 000 0 ara d
017 _a2009/7110
_bمصر . دار الكتب المصرية
020 _a9789774791191
040 _aEG-CaGPL
082 0 4 _221
_a382.71\
_bد ت
100 1 _aدونكلى ، جراهام
245 1 2 _aالتجارة الحرة :
_bالاسطورة و الواقع و البدائل /
_cتاليف جراهام دونكلى ؛ ترجمة مصطفى محمود .
250 _aط1.
260 _aالقاهرة :
_bالمركز القومى للترجمة ،
_c2009.
300 _a309 ص ؛
_c24 سم.
490 0 _aالمشروع القومى للترجمة ؛
_v1318
504 _aيشتمل على ارجاعات ببليوجرافية
650 0 4 _aالتجارة الحرة
650 0 4 _aمنظمة التجارة العالمية
650 0 4 _aالتوازن الاقتصادى
650 0 4 _aالتصدير
_xقيود
700 0 _aمصطفى محمود
_eمترجم
942 _2ddc
_cBK
999 _c60932
_d60932